ბათუმის შოთა რუსთაველის სახელმწიფო უნივერსიტეტის ბიბლიოთეკა

Aquaculture : (ბიბ.ჩანაწერი № 50555)

000 -LEADER
fixed length control field 01520cam a22003734a 4500
001 - CONTROL NUMBER
control field 13818150
005 - DATE AND TIME OF LATEST TRANSACTION
control field 20200227172804.0
008 - FIXED-LENGTH DATA ELEMENTS--GENERAL INFORMATION
fixed length control field 041217s2005 enka b 001 0 eng
010 ## - LIBRARY OF CONGRESS CONTROL NUMBER
LC control number 2004065961
020 ## - INTERNATIONAL STANDARD BOOK NUMBER
International Standard Book Number 9781405105323 (alk. paper)
020 ## - INTERNATIONAL STANDARD BOOK NUMBER
International Standard Book Number 1405105321 (alk. paper)
040 ## - CATALOGING SOURCE
Original cataloging agency DLC
Transcribing agency DLC
Modifying agency DLC
041 ## - LANGUAGE CODE
Language code of text/sound track or separate title eng
042 ## - AUTHENTICATION CODE
Authentication code pcc
050 00 - LIBRARY OF CONGRESS CALL NUMBER
Classification number SH135
Item number .P545 2005
080 ## - UNIVERSAL DECIMAL CLASSIFICATION NUMBER
Universal Decimal Classification number 639 P-64
082 00 - DEWEY DECIMAL CLASSIFICATION NUMBER
Classification number 639.8
Edition number 22
100 1# - MAIN ENTRY--PERSONAL NAME
Personal name Pillay, T. V. R.
9 (RLIN) 7609
245 10 - TITLE STATEMENT
Title Aquaculture :
Remainder of title principles and practices /
Statement of responsibility, etc. T.V.R. Pillay and M.N. Kutty.
250 ## - EDITION STATEMENT
Edition statement 2nd ed.
264 ## - PRODUCTION, PUBLICATION, DISTRIBUTION, MANUFACTURE, AND COPYRIGHT NOTICE
Place of production, publication, distribution, manufacture Oxford, UK ;
Name of producer, publisher, distributor, manufacturer Blackwell Pub.,
Date of production, publication, distribution, manufacture, or copyright notice 2005.
300 ## - PHYSICAL DESCRIPTION
Extent xvi, 624 p. :
Other physical details ill., ;
Dimensions 26 cm.
504 ## - BIBLIOGRAPHY, ETC. NOTE
Bibliography, etc. note Includes bibliographical references.
650 #0 - SUBJECT ADDED ENTRY--TOPICAL TERM
Topical term or geographic name entry element Aquaculture.
9 (RLIN) 7610
653 ## - INDEX TERM--UNCONTROLLED
keyword აკვაკულტურის პრინციპები და პრაქტიკა
653 ## - INDEX TERM--UNCONTROLLED
keyword სოფლის მეურნეობა
700 1# - ADDED ENTRY--PERSONAL NAME
Personal name Kutty, M. N.
9 (RLIN) 7611
856 42 - ELECTRONIC LOCATION AND ACCESS
Materials specified Contributor biographical information
Uniform Resource Identifier http://www.loc.gov/catdir/enhancements/fy0827/2004065961-b.html
856 42 - ELECTRONIC LOCATION AND ACCESS
Materials specified Publisher description
Uniform Resource Identifier http://www.loc.gov/catdir/enhancements/fy0827/2004065961-d.html
856 41 - ELECTRONIC LOCATION AND ACCESS
Materials specified Table of contents only
Uniform Resource Identifier http://www.loc.gov/catdir/enhancements/fy0827/2004065961-t.html
906 ## - LOCAL DATA ELEMENT F, LDF (RLIN)
a 7
b cbc
c orignew
d 1
e ocip
f 20
g y-gencatlg
942 ## - ADDED ENTRY ELEMENTS (KOHA)
Source of classification or shelving scheme
Koha item type წიგნი
ეგზემპლარები
Withdrawn status Lost status Source of classification or shelving scheme Damaged status Not for loan Permanent Location Current Location Shelving location Date acquired Cost, normal purchase price Full call number Barcode Date last seen Copy number Price effective from Koha item type Public note
          ბათუმის შოთა რუსთაველის სახელმწიფო უნივერსიტეტის მთავარი ბიბლიოთეკა ბათუმის შოთა რუსთაველის სახელმწიფო უნივერსიტეტის მთავარი ბიბლიოთეკა წიგნსაცავი 2018-12-17 350.00 639 P-64 729 2018-12-17 729 2018-12-17 წიგნი 350 ლ.